000
00186 a2200085 4500
020
_a
9780851392134
100
_a
CECIL HANDISYDE
245
_a
EVERYDAY DETAILS
260
_b
ARCHITECTURAL PRESS
999
_c
13070
_d
13070